Elementary mechanics of solids (Record no. 4447)

000 -LEADER
fixed length control field 00558nam a2200217 a 4500
001 - CONTROL NUMBER
control field 4447
003 - CONTROL NUMBER IDENTIFIER
control field BD-DhUET
008 - FIXED-LENGTH DATA ELEMENTS--GENERAL INFORMATION
fixed length control field 810420t19811980nyua b 001 0 eng
020 ## - INTERNATIONAL STANDARD BOOK NUMBER
International Standard Book Number 085226819X
040 ## - CATALOGING SOURCE
Original cataloging agency DLC
Transcribing agency DLC
Modifying agency BD-DhUET
082 ## - DEWEY DECIMAL CLASSIFICATION NUMBER
Classification number 531
Item number SIN/1980
100 ## - MAIN ENTRY--PERSONAL NAME
Personal name Singh, Pashupati Nath
245 10 - TITLE STATEMENT
Title Elementary mechanics of solids
250 ## - EDITION STATEMENT
Edition statement 1st ed.
260 ## - PUBLICATION, DISTRIBUTION, ETC. (IMPRINT)
Place of publication, distribution, etc. New Delhi
Name of publisher, distributor, etc. Wiley Eastern
Date of publication, distribution, etc. 1980
300 ## - PHYSICAL DESCRIPTION
Extent xvi, 616p.
Other physical details ill.
504 ## - BIBLIOGRAPHY, ETC. NOTE
Bibliography, etc Includes bibliographies
650 #0 - SUBJECT ADDED ENTRY--TOPICAL TERM
Topical term or geographic name as entry element Mechanics of solids
700 ## - ADDED ENTRY--PERSONAL NAME
Personal name Jha, Prem Kumar
942 ## - ADDED ENTRY ELEMENTS (KOHA)
Koha item type General Book
Holdings
Damaged status Location (home branch) Copy number Koha full call number Lost status Koha date last seen Price effective from Not for loan Koha item type Date acquired Source of classification or shelving scheme Withdrawn status Koha normalized classification for sorting Shelving location Piece designation (barcode) Sublocation or collection (holding branch)
 Central Library, BUET1531/SIN/1980 2014-11-162014-11-16 General Book2014-11-16  531_000000000000000_SIN_1980Circulation section59249Central Library, BUET
 Central Library, BUET2531/SIN/1980 2015-03-102015-03-10 General Book2015-03-10  531_000000000000000_SIN_1980Circulation section59250Central Library, BUET
 Central Library, BUET3531/SIN/1980 2015-03-102015-03-10 General Book2015-03-10  531_000000000000000_SIN_1980Circulation section59252Central Library, BUET
 Central Library, BUET4531/SIN/1980 2015-03-102015-03-10 General Book2015-03-10  531_000000000000000_SIN_1980Circulation section59245Central Library, BUET
 Central Library, BUET5531/SIN/1980 2015-03-102015-03-10 General Book2015-03-10  531_000000000000000_SIN_1980Circulation section59246Central Library, BUET
 Central Library, BUET6531/SIN/1980 2015-03-112015-03-11 General Book2015-03-11  531_000000000000000_SIN_1980  Central Library, BUET
 Central Library, BUET7531/SIN/1980 2015-03-112015-03-11 General Book2015-03-11  531_000000000000000_SIN_1980Circulation section59248Central Library, BUET
 Central Library, BUET8531/SIN/1980 2015-03-112015-03-11 General Book2015-03-11  531_000000000000000_SIN_1980Circulation section57348Central Library, BUET
 Central Library, BUET9531/SIN/1980 2016-03-272015-03-22 General Book2015-03-22  531_000000000000000_SIN_1980Circulation section55367Central Library, BUET
 Central Library, BUET10531/SIN/1980 2015-06-082015-06-08 Reading Item2015-06-08  531_000000000000000_SIN_1980Reading section59244Central Library, BUET
 Central Library, BUET11531/SIN/1980 2015-06-082015-06-08 Reading Item2015-06-08  531_000000000000000_SIN_1980Reading section59243Central Library, BUET